Catalog

Record Details

Catalog Search



Some specific causes of the recurrence of the negative "Jew" stereotype in Slovakia : international seminar on antisemitism in post-totalitarian Europe / Pavol Mešťan

Record details

  • ISBN: (Brož.)
  • Physical Description: 9 s. ; 21 cm
  • Publisher: Prague : [s.n.], 1992

Content descriptions

Bibliography, etc. Note:
Obsahuje bibliografické odkazy

Available copies

  • 1 of 1 copy available at Common Catalog SPOK.

Holds

  • 0 current holds with 1 total copy.
Show Only Available Copies
Location Call Number / Copy Notes Barcode Shelving Location Status Due Date
Terezin Initiative Institute 2593 4594302593 Knihovna ITI Available -

LDR 01420nam a2200397 a 4500
00126396
003CZ-PrJAB
00520220903051330.0
008020213s1992 xr gr 000 0 eng
015 . ‡acnb001064380
020 . ‡a(Brož.)
035 . ‡a(CONS)1207
035 . ‡a(CZ PrSKC)cpk20021064380
035 . ‡a(OCoLC)49575218
040 . ‡aABA001 ‡bcze
080 . ‡a323.1 ‡2MRF
080 . ‡a323.12(=411.16) ‡2MRF
080 . ‡a32.019.5 ‡2MRF
080 . ‡a(437.6) ‡2MRF
080 . ‡a(=411.16) ‡2MRF
080 . ‡a(046) ‡2MRF
1001 . ‡aMešťan, Pavol, ‡d1946- ‡7ola2003182143 ‡4aut
24510. ‡aSome specific causes of the recurrence of the negative "Jew" stereotype in Slovakia : ‡binternational seminar on antisemitism in post-totalitarian Europe / ‡cPavol Mešťan
260 . ‡aPrague : ‡b[s.n.], ‡c1992
300 . ‡a9 s. ; ‡c21 cm
504 . ‡aObsahuje bibliografické odkazy
7112 . ‡aInternational Seminar on Antisemitism in Post-Totalitarian Europe ‡d(1992 : ‡cPraha, Česko)
8524 . ‡bJACH-ITI ‡bJACH-ITI ‡cKnihovna ITI ‡j2593 ‡p2593 ‡y$0.00
910 . ‡aABE340 ‡b2593
995 . ‡askok
901 . ‡a26396 ‡bSystem ‡c26396 ‡tbiblio

Additional Resources